000
00314nam a2200121Ia 4500
008
180130s9999||||xx |||||||||||||| ||und||
020
_c
NT350
_a
978-986-477-071-7
100
_a
白映俞
245
0
_c
白映俞
_a
Dr.小志志圖解健康醫學
250
_a
初版
260
_c
2016.07
_a
台北市
300
_c
cm.
_a
p.
942
_2
ccl
_c
BOOK
999
_c
809
_d
809